Architect / (Record no. 800301)
[ view plain ]
| 000 -LEADER | |
|---|---|
| fixed length control field | 00770nam a22002417r 4500 |
| 003 - CONTROL NUMBER IDENTIFIER | |
| control field | 3228 |
| 005 - DATE AND TIME OF LATEST TRANSACTION | |
| control field | 20260611102354.0 |
| 008 - FIXED-LENGTH DATA ELEMENTS--GENERAL INFORMATION | |
| fixed length control field | 260611b sa o|||j |||| 00| 0 eng d |
| 020 ## - INTERNATIONAL STANDARD BOOK NUMBER | |
| International Standard Book Number | 9781644877371 (hardback) |
| 040 ## - CATALOGING SOURCE | |
| Original cataloging agency | MPL |
| Language of cataloging | eng |
| Transcribing agency | 3228 |
| Description conventions | Resource Description and Access |
| 041 ## - LANGUAGE CODE | |
| Language code of text/sound track or separate title | English |
| 082 #0 - DEWEY DECIMAL CLASSIFICATION NUMBER | |
| Classification number | J 720.23 MOEN |
| 100 ## - MAIN ENTRY--PERSONAL NAME | |
| 9 (RLIN) | 190211 |
| Personal name | Moening, Kate |
| Relator term | author |
| 245 ## - TITLE STATEMENT | |
| Title | Architect / |
| Statement of responsibility, etc. | by Kate Moening ; editor: Betsy Rathburn |
| 260 ## - PUBLICATION, DISTRIBUTION, ETC. | |
| Place of publication, distribution, etc. | Minnetonka, MN : |
| Name of publisher, distributor, etc. | Bellwether Media Inc. , |
| Date of publication, distribution, etc. | ©2023, |
| -- | 2023. |
| 300 ## - PHYSICAL DESCRIPTION | |
| Extent | 24 pages : |
| Other physical details | photographs ; |
| Dimensions | 23 cm |
| 490 ## - SERIES STATEMENT | |
| Series statement | Careers in STEM |
| 490 ## - SERIES STATEMENT | |
| Series statement | Blastoff! Readers |
| Volume/sequential designation | Level 3 |
| 650 #0 - SUBJECT ADDED ENTRY--TOPICAL TERM | |
| 9 (RLIN) | 199803 |
| Topical term or geographic name entry element | Architect |
| 650 #0 - SUBJECT ADDED ENTRY--TOPICAL TERM | |
| 9 (RLIN) | 199804 |
| Topical term or geographic name entry element | Architect |
| General subdivision | Vocational guidance |
| 700 ## - ADDED ENTRY--PERSONAL NAME | |
| 9 (RLIN) | 198171 |
| Personal name | Rathburn, Betsy |
| Relator term | editor |
| 942 ## - ADDED ENTRY ELEMENTS | |
| Source of classification or shelving scheme | Dewey Decimal Classification |
| item type | Books |
| Edition | DDC23 |
| -- | 296 |
| -- | Phillipina Naude |
| -- | 296 |
| -- | Phillipina Naude |
| Withdrawn status | Lost status | Source of classification or shelving scheme | Damaged status | Not for loan | Collection code | Home library | Current library | Shelving location | Date acquired | Total Checkouts | Full call number | Barcode | Date last seen | Price effective from | item type | Public note |
|---|---|---|---|---|---|---|---|---|---|---|---|---|---|---|---|---|
| Dewey Decimal Classification | 300: Social Science | Standerton Regional Library | Evander | Children's Area | 17.06.2026 | J 371.4268154 MOEN | 3322803187494 | 17.06.2026 | 17.06.2026 | Book | ||||||
| Dewey Decimal Classification | 700: Arts & Recreation | Klarinet PL (MMID-PLEM-KLAR) | Klarinet PL (MMID-PLEM-KLAR) | Non Fiction | 11.06.2026 | J 720.23 MOEN | 3228200028202 | 11.06.2026 | 11.06.2026 | Books | 800301 | |||||
| Dewey Decimal Classification | 300: Social Science | Standerton Regional Library | Morgenzon | Children's Area | 17.06.2026 | J 371.4268154 MOEN | 3322803187493 | 17.06.2026 | 17.06.2026 | Book |